000 00901nas a2200325 4500
001 BR2013004158
003 BR-BrBNA
005 20231205122358.0
007 ta
008 230509b bl.|||p| |||| 00| 00por d
040 _aBR-BrBNA
_bpor
_cBiblioteca Nacional de Agricultura
041 _a(Pt)
072 _aF01
100 1 _aBakke, I.A.
100 1 _aBakke, O.A.
100 1 _aAndrade, A.P. de
100 1 _aSalcedo, I.H.
245 1 _aRegeneração natural da jurema preta em áreas sob pastejo de bovinos
650 _aJUREMA PRETA
650 _aPODA
650 _aCAATINGA
650 _aPLÂNTULA
650 _aMIMOSA HOSTILIS
650 _aPRÁTICA CULTURAL
650 _aPASTEJO
650 _aBOVINO
773 0 _tCaatinga (Brazil)
_xISSN 0100-316X
_g(Jul-Sep 2006), v. 19(3) p. 228-235
_wBR2013004158
909 _a202311
_bLúcia
_c55
_dLúcia Elande
942 _2AGRIS
_n0
_cANA
999 _c228350
_d228350